| 000 | 00617cam a22001811 04500 | ||
|---|---|---|---|
| 001 | 44692 | ||
| 090 | _a44692 | ||
| 100 | _a19840701d1984 km y0pory5003 ba | ||
| 101 | 0 | _apor | |
| 102 | _aPT | ||
| 200 | 1 |
_aPequeno guia de divulgacão florestal _fCentro de Documentacão e Informacão da Direccão Geral das Florestas |
|
| 210 | 9 |
_aLisboa _cDireccão Geral das Florestas _cDia Mundial da Floresta, _d1984 |
|
| 215 |
_a16, [1] p. _d22 cm |
||
| 675 | _a631.1(03) | ||
| 675 |
_a634 _vmed _zpor |
||
| 710 | 0 | 1 |
_aPortugal. _bDirec—cão Geral das Florestas. _bCentro de Documenta—cão e Informa—cão |
| 801 | 0 |
_aPT _bBN _gRPC |
|
| 990 | _cLIVROS | ||